Kontrola a revízia využitie účtovníctva v previerkovej činnosti

Salvato in:
Dettagli Bibliografici
Autore principale: Landsman, Ladislav
Ente Autore: Vysoká škola ekonomická v Bratislave. Fakulta riadenia
Altri autori: Straková, Ľubica
Natura: Libro
Lingua:slovacco
Pubblicazione: Bratislava VŠE 1982
Tags: Aggiungi Tag
Nessun Tag, puoi essere il primo ad aggiungerne!!

MARC

LEADER 00000nam a2200000 4500
001 c131630
005 20221220095810.3
041 0 |a slo 
044 |a SK 
245 1 0 |a Kontrola a revízia  |b využitie účtovníctva v previerkovej činnosti  |c Ladislav Landsman, Ľubica Straková 
264 1 |a Bratislava  |b VŠE  |c 1982 
300 |a 323 s. 
100 1 |a Landsman, Ladislav 
700 1 |a Straková, Ľubica 
710 2 |a Vysoká škola ekonomická v Bratislave. Fakulta riadenia